Something borrowed, something learned? : the transatlantic market in education and training reform
Αποθηκεύτηκε σε:
| Άλλοι συγγραφείς: | , , |
|---|---|
| Μορφή: | Βιβλίο |
| Γλώσσα: | English |
| Δημοσίευση: |
Washington D.C. :
The Brookings Institution,
c1993
|
| Θέματα: | |
| Ετικέτες: |
Προσθήκη ετικέτας
Δεν υπάρχουν, Καταχωρήστε ετικέτα πρώτοι!
|
MARC
| LEADER | 00000nam a2200000 i 4500 | ||
|---|---|---|---|
| 001 | 1/98927 | ||
| 008 | 000125s1993 eng d | ||
| 020 | |a 0-8157-2804-2 | ||
| 035 | |l 10056691 | ||
| 040 | |a GR-MY-UA |b gre |e aacr | ||
| 041 | 0 | |a eng | |
| 082 | 0 | |a 379.41 |2 (20) | |
| 245 | 1 | 0 | |a Something borrowed, something learned? : |b the transatlantic market in education and training reform / |c edited by David Finegold, Laurel McFarland and William Richardson |
| 260 | |a Washington D.C. : |b The Brookings Institution, |c c1993 | ||
| 300 | |a 261p. | ||
| 504 | |a Includes bibliographical references | ||
| 650 | 0 | 0 | |a Education and state |z Great Britain |x Cross-culturaral studies. |
| 650 | 0 | 0 | |a Education and state |z United States |x Cross-cultural studies. |
| 650 | 0 | 0 | |a Educational change |z Great Britain |x Cross-cultural studies. |
| 650 | 0 | 0 | |a Educational change |z United States |x Cross-cultural studies. |
| 650 | 0 | 0 | |a Education |x International cooperation. |
| 700 | 1 | |a Finegold, David. |4 edt | |
| 700 | 1 | |a McFarland, Laurel. |4 edt | |
| 700 | 1 | |a Richardson, William. |4 edt | |
| 852 | |a INST |b RHODES |e 20000125 |h 379.41 SOM |p 005400013323 |q 005400013323 |t BK |y 0 | ||
| 901 | |a BIBL4-2000-1 | ||
| 909 | |a Ρ |b 073102 | ||
| 922 | |a 4ΕΛΗ |b 199912 |c ΚΠΣ/154 |d GLORY BOOKS | ||
| 970 | |z 2000/01/25 | ||